| 000 | 00608nam a22002177a 4500 | ||
|---|---|---|---|
| 003 | OSt | ||
| 005 | 20220107122737.0 | ||
| 008 | 130524b xxu||||| |||| 00| 0 eng d | ||
| 020 | _a9788120342736 | ||
| 040 | _cIIITM-K | ||
| 082 | _a658.404 KEL/I;1 | ||
| 100 |
_aKelkar, S.A _9469 |
||
| 245 |
_aInformation technology project management: _bA concise study _cby S.A Kelkar |
||
| 250 | _a3rd ed. | ||
| 260 |
_aNew Delhi, _bPHI Learning, _c2011. |
||
| 300 | _aix, 854p. | ||
| 650 |
_aMANAGEMENT SCIENCE _9470 |
||
| 650 |
_aINFORMATION TECHNOLOGY _9471 |
||
| 650 |
_aPROJECT MANAGEMENT _9472 |
||
| 942 |
_2ddc _cBK |
||
| 999 |
_c3878 _d3878 |
||